000 01303nam a2200313Ia 4500
001 ebr10331487
003 CaPaEBR
006 m u
007 cr cn|||||||||
008 090515s2009 enk sb 001 0 eng d
010 _z 2009020416
020 _z9781405134118 (pbk. : alk. paper)
040 _aCaPaEBR
_cCaPaEBR
035 _a(OCoLC)646832911
050 1 4 _aRT81.5
_b.I47 2009eb
245 0 0 _aImproving health through nursing research
_h[electronic resource] /
_cedited by William L. Holzemer.
250 _a1st ed.
260 _aChichester, West Sussex, UK ;
_aAmes, Iowa, USA :
_bBlackwell Pub. ;
_a[Geneva, Switzerland] : International Council for Nurses,
_c2009.
300 _axii, 258 p.
504 _aIncludes bibliographical references and index.
533 _aElectronic reproduction.
_bPalo Alto, Calif. :
_cebrary,
_d2009.
_nAvailable via World Wide Web.
_nAccess may be limited to ebrary affiliated libraries.
650 0 _aNursing
_xResearch.
650 0 _aEvidence-based nursing.
655 7 _aElectronic books.
_2local
700 1 _aHolzemer, William L.
710 2 _aInternational Council of Nurses.
710 2 _aebrary, Inc.
856 4 0 _uhttp://site.ebrary.com/lib/rucke/Doc?id=10331487
_zAn electronic book accessible through the World Wide Web; click to view
999 _c51371
_d51371